00740cam a22002414a 45000010009000000050017000090080041000260100017000670200028000840400018001120410008001300420008001380800014001460820018001601000007001781010008001852450067001935040051002609060045003119420012003569990017003689520113003851376553020180115045853.0041029s2005 njua b 001 0 eng  a 2004025577 a158829420X (alk. paper) aDLCcDLCdDLC aeng apcc a571.6 DAV00a571.6 DAV222 a11 aBIO00aReceptor binding techniques /cedited by Anthony P. Davenport. aIncludes bibliographical references and index. a7bcbccorignewd1eecipf20gy-gencatlg 2ddccBK c40251d40251 00102udc40708PËKGa002b002cPËKGd2018-01-15l0o571.6 DAVp002-2995312r2018-01-15w2018-01-15yBK